00690nam a2200181Ia 4500001001000000003000500010008004100015010001100056040000900067100003000076245017000106260003500276300001000311502008800321650002900409650002000438710005000458Para_1027CHAP220125s1989 xx 000 0 und d a199687 cCHAP aSalinas Cortes, Guillermo aCompilación bibliográfica sobre plagas del sorgo de grano (Sorghum bicolor-Linn. Noench) en el Valle de Apatzingan, Michoacán /c por Guillermo Salinas Cortes aChapingo, Méx. :b El autor a86 h. aTesis (Ing. Agr. Esp. en Parasitología Agrícola) -- UACh. Depto Parasitología aSorgo x bibliográfia  aSorgo x Plagas aUACh. Departamento Parasitología Agrícola